Statistics for Random Trivia Quiz #2

Click here to take the quiz!

General Stats

  • This quiz has been taken 55 times
    (34 since last reset)
  • The average score is 7 of 24

Answer Stats

HintAnswer% Correct
A letter combination, easy as "one, two, three"ABC
74%
Famously stayed seated, eventhough it was against the lawRosa Parks
71%
The second book of the bible, means "migration"Exodus
68%
The number of dimensions according to M-theory and number of points of the maple leaf on Canadas flag11
55%
Most famous Chinese dynasty known for it's porcelainMing
55%
Famous Icelandic artist known for her unique outfitsBjörk
45%
Well-known airline from AustraliaQantas
45%
Italian dessert made by mascarpone and zabioneTiramisu
45%
Society for people with an IQ over 140Mensa
42%
Famous french politician who has an airport in Paris named after himCharles de Gaulle
39%
American movie celebrity, starred with Ingrid Bergman in "Casablanca"Humphrey Bogart
35%
Regions in SwitzerlandCantons
29%
The catchphrase used by Sean Bean's character in "Game of Thrones"Winter is Coming
29%
German university city where J. S. Bach used to liveLeipzig
16%
Art movement which users included Paul Gauguin and Vincent van GoghPost-impressionism
16%
Brittish author known for the novell "Mrs Dalloway" and "Orlando"Virgina Woolf
13%
Daughter of Lord Byron and recognized as the first programmerAda Lovelace
10%
Animal featured on the flag of UgandaCrane
10%
Portuguese footballer born in modern-day MozambiqueEusebio
10%
City in Asia, when translated from it's native language it means "the blessed city"Bandar Seri Begawan
6%
Shoe protection fabric, used to keep footwear clean from dirt and mudSpats
6%
Founder of the Olympic GamesBaron Pierre de Coubertin
3%
Latin phrase which means: "only appears once"Hapax Legomenon
3%
Museum in Madrid, where you can find "Guernica" by PicassoMuseo Reina Sofia
3%

Score Distribution

Percentile by Number Answered

Percent of People with Each Score

Your Score History

You have not taken this quiz since the last reset